Wine Regions of Argentina (typing) - Statistics

General Stats
  • This quiz has been taken 160 times
  • The average score is 6 of 8
Answers on the Map
Answers color-coded by a green-red scale on the quiz's map according to % correct below.
 
Answer Stats
Answer % Correct
Mendoza
97%
Patagonia
81%
Salta
81%
Uco Valley
76%
San Juan
73%
Maipú
65%
Cafayate
57%
Luján de Cuyo
57%
No matching quizzes found
Score Distribution
Percent of People with Each Score
Percentile by Number Answered
Your Score History
You have not taken this quiz